| 000 | 00682nam a2200229 i 4500 | ||
|---|---|---|---|
| 001 | 134214 | ||
| 003 | ES-MaACL | ||
| 005 | 20240523155027.0 | ||
| 007 | t| | ||
| 008 | 070906s1971 sp a |||| |bspa d | ||
| 080 | _a74:929(46)"19" | ||
| 245 | 0 | 0 | _aHomenaje a Emilio Freixas. |
| 260 |
_aBarcelona : _bE. Meseguer, _c[1971] |
||
| 300 |
_a112 p., il. ; _c30 cm. |
||
| 490 | 1 |
_aXanadú ; _v1. Monografías del cómic |
|
| 600 | 1 | 4 |
_aFreixas, Emilio. _952483 |
| 650 | 4 |
_aCómics- _zEspaña _911174 |
|
| 650 | 4 |
_aDibujantes- _zEspaña. _9157537 |
|
| 830 | 0 |
_aXanadú ; _v1. Monografías del cómic _9219828 |
|
| 852 |
_aES-MaACL _jC-43636 |
||
| 999 |
_c134214 _d134214 |
||